000 00718nam a2200205Ia 4500
005 20241129110149.0
008 241129s9999||||xx |||||||||||||| ||und||
037 _aTB
040 _aARTS
_bpun
_cARTS
041 _apun
_2pun
084 _aO153,6(w,1)NSH R3
_qARTS
100 _aਸ਼ਰਮਾ, ਪ੍ਰਵੇਸ਼, ਚ।
245 0 _aਇਹ ਜ਼ਿੰਦਗੀ ਦਾ ਕਾਰਵਾਂ
_cਸ਼ਰਮਾ, ਪ੍ਰਵੇਸ਼, ਚ।
260 _aਪਟਿਆਲਾ, ਭਾਰਤ
_bਪਟਿਆਲਾ ਸੰਗਮ ਪਬਲੀਕੇFਨ
_c2023
300 _a207ਪ੍ਰ0
365 _aINR
_b295
650 _aPunjabi Prose
942 _cTB
_hO153,6(w,1)NSH R3
999 _c1227554
_d1227554